000 00662cam a2200217 4500
001 M1426
008 090401t1993 xxu||||| |||| 00| 0 eng d
035 _a(Sirsi) u31898
041 _aeng
050 _a333.0062
090 _aRICS 1993/41A
100 _aJonas, Christopher
245 _aSample of a speech given by RICS President, Christopher Jonas, during a series of visits to members in their workplaces at 8.30AM during the session 1992/93.
260 _aLondon
_bRICS
_c1993
300 _a(7) leaves ; 30cm.
350 _a0
650 _aSPEECHES
710 _aRoyal Institution of Chartered Surveyors
_94900
942 _n0
948 _c04/03/1997
999 _c89643
_d89643